000
00277nam a2200109Ia 4500
005
20251222154315.0
008
251222s9999||||xx |||||||||||||| ||spa||
020
_a
968-26-0000-6
082
_a
570/B57
245
0
_a
Ciencias biolégicas: De las moléculas al hombre
942
_c
LIB
999
_c
33553
_d
33553